00710cam a22002171 4500001001300000003000400013005001700017008004100034010001700075035002000092040002800112042001200140050001500152100003400167245011900201260005400320300003800374502004200412500001500454650002300469ca 12000675 DLC20260227111058.0940616s1911 paua 000 0 eng  aca 12000675  a(OCoLC)30618024 aDLCcCUdCUdOCoLCdDLC apremarc00aQD545b.C31 aCann, Jessie Yereance,d1883-04aThe relationship existing between the weight of a falling drop and the diameter of the tip from which it falls ... aEaston, Pa.,bEschenbach Printing Company,c1911. a24 p., 1 l. incl. tables.c24 cm. aThesis (Ph. D.)--Columbia University. aBiography. 0aMolecular weights.